LEADER 01645nam--2200493---450- 001 990000438520203316 005 20100317111344.0 010 $a88-555-2375-9 035 $a0043852 035 $aUSA010043852 035 $a(ALEPH)000043852USA01 035 $a0043852 100 $a20010510d1996----km-y0itay0103----ba 101 $aita 102 $aIT 105 $a||||||||001yy 200 1 $a<> Spagna$fRoberto Bernardi, Silvino Salgaro 210 $aBologna$cPàtron$d1996 215 $a228 p.$cill.$d24 cm 225 2 $aGeografia e organizzazione dello sviluppo territoriale$iStudi regionali e monografici$v0017 410 $12001$aGeografia e organizzazione dello sviluppo territoriale$iStudi regionali e monografici$v17 461 1$1001-------$12001 606 0 $aSpagna 676 $a914.6 700 1$aBERNARDI,$bRoberto$0151439 701 1$aSALGARO,$bSilvino$0130228 801 0$aIT$bsalbc$gISBD 912 $a990000438520203316 951 $aIII.1. Coll.2/ 15(I C Coll. 65/17)$b138586 LM$cI C Coll. 951 $aIII.1. Coll.2/ 15a(I C Coll. 65/17a)$b164131 LM$cI C 951 $aIII.1. Coll.2/ 15b(I C Coll. 65/17bis)$b164130 LM$cI C 951 $aIII EU BER 1$b8251 DBC$cIII EU 959 $aBK 969 $aUMA 969 $aDBC 979 $aPATTY$b90$c20010510$lUSA01$h1350 979 $c20020403$lUSA01$h1652 979 $aANGELA$b90$c20030224$lUSA01$h1307 979 $aPATRY$b90$c20040406$lUSA01$h1630 979 $aCOPAT1$b90$c20050311$lUSA01$h1024 979 $aDBC$b90$c20100310$lUSA01$h1513 979 $aDBC$b90$c20100317$lUSA01$h1113 996 $aSpagna$9674568 997 $aUNISA LEADER 01386nam0 22002891i 450 001 UON00401176 005 20231205104657.17 100 $a20111125d1940 |0itac50 ba 101 $afre 102 $aRO 105 $a|||| 1|||| 200 1 $aPages sur les droits des Roumains dans les Provinces ajoutées depuis 1918 au territoire de l'Ancien Royaume$fN. Iorga 210 $aBucarest$c[Monitorul Oficial si Imprimeria Nationala]$d[1940] 215 $a74 p.$d23 cm. 316 $aex-inventario: DLLOMM 42196 ESEMPLARE PRIVO DI COPERTINA$5IT-UONSI FONDOONCIULESCUD/0318 606 $aRomania$xStoria$xSec. 20.$3UONC052328$2FI 620 $aRO$dBucure?ti$3UONL000071 676 $a949.8$cStoria della Romania$v21 700 1$aIORGA$bNicolae$3UONV018423$0210563 712 $aImprimeria Nationala$3UONV278755$4650 712 $aMonitorul Oficial si Imprimeriile Statului$3UONV251123$4650 801 $aIT$bSOL$c20250801$gRICA 899 $aSIBA - SISTEMA BIBLIOTECARIO DI ATENEO$2UONSI 912 $aUON00401176 950 $aSIBA - SISTEMA BIBLIOTECARIO DI ATENEO$dSI ONCIULESCU D 0318 $eSI EO 47890 7 0318 ex-inventario: DLLOMM 42196 ESEMPLARE PRIVO DI COPERTINA 996 $aPages sur les droits des Roumains dans les Provinces ajoutées depuis 1918 au territoire de l'Ancien Royaume$91349576 997 $aUNIOR